000 01051nam a2200277Ia 4500
003 OSt
005 20220923211557.0
006 a|||||r|||| 00| 0
007 ta
008 220922b |||||||| |||| 00| 0 san d
020 _a9789386111425 (hbk)
_c120
024 _a266,140
037 _b112, 09/08/2012, Eastern Book Linkers
_cTextual
040 _aARTS
_cARTS
_bsan
041 _2san
_asan
082 _aQ23:418, 152Q0
100 _aत्रिपाठी, राधावल्लभ
_9156299
245 0 _aशिवस्तोत्रावली
246 _aShivastotrāvalī
260 _aनई दिल्ली
_b राष्ट्रिय संस्कृत संस्थान
_c2010
300 _a165पृ0
_ccm.
490 _aलोक प्रिय साहित्य ग्रंथमाला; 15
650 _aधर्म
942 _hQ23:418, 152Q0
_cTEXL
_2CC
999 _c300958
_d300958